000 00440nam a2200205Ia 4500
001 12879
003 GE_BSU
008 181216s||||||||xx |||||||||||||| ||und||
020 _a0552151696
040 _cGE_BSU
080 _a821.111-312.4
100 _aBrown,Dan.
245 _aDigital Fortress.
260 _aLondon.
260 _bCorgi Books.
260 _c1998
300 _a510p;18cm.
653 _aDigital Fortress.
942 _cBK
999 _c46049
_d46049